| 000 | 01099cam a2200361Mi 4500 | ||
|---|---|---|---|
| 001 | 59712 | ||
| 005 | 20230410103853.0 | ||
| 008 | 050715s2005 sp 000 0 spa d | ||
| 035 | _a(OCoLC)ocm61079880 | ||
| 040 |
_aPL# _bspa _cPL# |
||
| 020 | _a8433925695 | ||
| 020 | _a9788433925695 | ||
| 029 | 0 |
_aPL# _b8433925695 |
|
| 035 | _a(OCoLC)61079880 | ||
| 049 | _aGRAL | ||
| 050 | 1 | 4 |
_a414 DS 79.76 _bA547c 2005 |
| 100 | 1 | _aAnderson, Jon Lee. | |
| 245 | 1 | 3 |
_aLa caída de Bagdad / _cJon Lee Anderson ; traducción de Jaime Zulaika. |
| 260 |
_aBarcelona : _bEditorial Anagrama, _cc2005. |
||
| 300 |
_a501 p. ; _c22 cm. |
||
| 440 | 0 |
_aCrónicas Anagrama ; _v69 |
|
| 500 | _aTraducido del idioma original: The fall of Baghdad. | ||
| 650 | 0 | _aIraq War, 2003- | |
| 651 | 0 |
_aIraq _xPolitics and government _y1991- |
|
| 600 | 1 | 0 |
_aHussein, Saddam, _d1937-2006. |
| 653 | _aHussein, Saddam, 1937- | ||
| 653 | _aGuerra de Irak, 2003- | ||
| 700 | 1 |
_aZulaika, Jaime, _etr. |
|
| 938 |
_aPuvill Libros _bPUVL _n8433925695 _c$34.73 |
||
| 942 |
_2lcc _cbk |
||
| 946 | _aclperez | ||
| 994 |
_aC0 _bDRFGD |
||
| 999 |
_c27468 _d27468 |
||